Every 100,000+ City in Ethiopia in Order - Statistics

General Stats
  • This quiz has been taken 33 times
    11 since last reset
  • The average score is 10 of 56
Answer Stats
Letter Population City % Correct
A-A 6,007,663 Addis Ababa
100%
D-D 559,904 Dire Dawa
89%
B-D 648,115 Bahir Dar
78%
M 627,461 Mek'ele
67%
A 482,754 Adama
56%
G 473,056 Gondar
56%
J 510,498 Jijiga
56%
J 290,516 Jimma
56%
H 580,127 Hawassa
44%
A-M 282,960 Arba Minch
33%
D 286,295 Dessie
33%
S 424,512 Shashamane
33%
A 184,941 Ambo
22%
B 279,070 Bishoftu
22%
D 163,023 Dilla
22%
G 102,463 Gode
22%
M 102,356 Moyale
22%
N 210,404 Nekemte
22%
S 131,263 Shire
22%
S 255,106 Sodo
22%
A 125,610 Adigrat
11%
A 105,070 Adwa
11%
A 171,461 Asella
11%
A 123,905 Axum
11%
B/Z 112,505 Batu
11%
B 305,227 Burayu
11%
D-B 150,258 Debre Birhan
11%
D-M 144,983 Debre Markos
11%
D-T 126,558 Debre Tabor
11%
H 247,761 Harar
11%
H 108,233 Holeta
11%
H 252,133 Hosaena
11%
K 146,105 Kombolcha
11%
S 294,778 Sebeta
11%
W 107,122 Weldiya
11%
A-N/N-A 110,336 Arsi Negele
0%
A 104,218 Asasa
0%
A 113,406 Asosa
0%
A 124,202 Azezo
0%
B-H 108,003 Bule Hora
0%
B 110,653 Butajira
0%
D-D 103,446 Dembi Dollo
0%
D 127,540 Dukem
0%
G 112,055 Gambela
0%
G 101,119 Gimbi
0%
G 101,255 Goba
0%
L 108,137 Logiya
0%
M 102,074 Metu
0%
M-T 107,320 Mizan Teferi
0%
M 104,016 Mojo
0%
N 100,790 Negele
0%
R 145,808 Robe
0%
S 178,039 Sululta
0%
W 105,495 Waliso
0%
W 105,152 Welkite
0%
W 130,047 Worabe
0%
No matching quizzes found
Score Distribution
Percent of People with Each Score
Percentile by Number Answered
Your Score History
You have not taken this quiz since the last reset